000 00661nam a2200181Ia 4500
008 151018s9999 xx 000 0 und d
082 _bRBASDV15343
_a891.463
100 _aचंद्रकांत काकोडकर
245 _aसखी शेजारीण
250 _b1
260 _b"मॅजेस्टीक पब्लिशिंग हाऊस, ठाणे "
_c1971
300 _a148
600 _aचंद्रकांत काकोडकर
630 _aसखी शेजारीण
700 _aचंद्रकांत काकोडकर
730 _aसखी शेजारीण
942 _cBOOK
999 _c1016070
_d1016067